banner-ar

تاريخ رواد روتشريل / (Record no. 50283)

MARC details
000 -الفاتح
حقل البيانات ثابتة الطول 00604nam a2200205Ia 4500
008 - عناصر البيانات ثابتة الطول - معلومات عامة
حقل البيانات ثابتة الطول 140319s9999 xx 000 0 ara d
040 ## - مصدر الفهرسة
وكالة الفهرسة الأصلية GCL /
وكالة النسخ GCL
082 04 - رقم تصنيف ديوى العشرى
رقم التصنيف 338.01
رقم المادة ك ت
100 1# - المدخل الرئيسى - إسم شخصى
الإسم الشخصى كمال حمدى ابوالخير
245 10 - بيان العنوان
العنوان تاريخ رواد روتشريل /
بيان المسئوليه,etc كمال حمدى ابوالخير
300 ## - الوصف المادى
التعداد 344 ص
490 ## - بيان السلسلة
عنوان السلسلة سلسلة رواد التعاون
رقم المجلد/ التعيين التسلسلي 0
650 04 - المدخل الاضافى بالموضوع-مصطلح موضوعى
مصطلح موضوعي الاقتصاد
650 04 - المدخل الاضافى بالموضوع-مصطلح موضوعى
مصطلح موضوعي الصناعة
650 04 - المدخل الاضافى بالموضوع-مصطلح موضوعى
مصطلح موضوعي الانتاج
650 04 - المدخل الاضافى بالموضوع-مصطلح موضوعى
مصطلح موضوعي الانتاج الصناعى
650 04 - المدخل الاضافى بالموضوع-مصطلح موضوعى
مصطلح موضوعي الاقتصاديون
942 ## - عناصر المدخل الإضافي( كوها)
مصدر التصنيف او مخطط الترفيف Dewey Decimal Classification
Koha [default] item type كتاب
Holdings
حالة التراجع حالة الفقد حالة تلف ليس للاعارة المكان المؤقت الموقع الحالى تاريخ الاكتساب اجمالي اﻻعارات رقم الطلب الباركود تاريخ اخر مشاهدة تاريخ تفعيل السعر نوع وعاء كوها
        مكتبة القاهرة الكبرى مكتبة القاهرة الكبرى 03/26/2014   338.01\ك ت 120665 03/26/2014 03/26/2014 كتاب

Powered By

EGPV